Ahmediyya Movement in India (Record no. 8295)

MARC details
000 -LEADER
fixed length control field 00560nam a2200229 a 4500
020 ## - INTERNATIONAL STANDARD BOOK NUMBER
ISBN
082 00 - DEWEY DECIMAL CLASSIFICATION NUMBER
Classification number 297.86
Author Cutter RAJ
100 ## - MAIN ENTRY--AUTHOR NAME
Author name Rajeke, Barkat Ahmed
245 ## - TITLE STATEMENT
Title Ahmediyya Movement in India
260 ## - PUBLICATION, DISTRIBUTION, ETC. (IMPRINT)
Place of publication Qadian
Name of publisher Sadr Anjuman Ahmadiyya
Year of publication 1975
300 ## - PHYSICAL DESCRIPTION
Number of Pages 79p
500 ## - GENERAL NOTE
General note includes index and biblioraphy
650 ## - SUBJECT ADDED ENTRY--TOPICAL TERM
Topical Term Ahmadiyyah
942 ## - ADDED ENTRY ELEMENTS (KOHA)
Koha item type Books
700 1# -
-- Rajeke, Barkat Ahmed
Holdings
Home library Current library Date acquired Cost, normal purchase price Full call number Accession Number Koha item type
Henry Martyn Institute Library Henry Martyn Institute Library 07/09/2007 100.00 297.86 RAJ 010491 E-Books
                   Copyright © 2026 | Henry Martyn Institute | Hyderabad | TS-500052 | INDIA | Implemented by hmi.edu.in
Hit-Count:

Powered by Koha